000 04707nam a22004817a 4500
005 20101016105251.0
010 _aB-417407-429
020 _a9788131510131
_c595.00
035 _aB-417407-429
037 _bAsian Book Centre
082 _a540
100 _aZumdahl Steven S.
_923566
245 _aChemistry :
_cby Steven S. Zumdahl
_bconcepts and applications /
260 _aNew Delhi
_bCengage Learning India
_c2009(repr.)
270 _a418, F.OI.E. Patparganj
_bNew Delhi
_e110092
300 _a1072p.
_c26cm(pbk)
500 _aIncludes index
942 _2ddc
_cEN
_mZUM
_h540
999 _c35780
_d35780